000
00217 a2200097 4500
001
42919
100
_a
Gledhill Alan
245
_a
The state of Pakistan
260
_a
London
_b
Faber & Faber
_c
090
_c
26803
_d
26803
942
_a
NUST-CAE
_c
M
_c
18673
999
_c
277992
_d
277992